| 000 | 003510000a22001450004500 | ||
|---|---|---|---|
| 003 | MACL | ||
| 040 | _aMACL | ||
| 090 |
_c8501 _d8500 |
||
| 100 | _aSharma, Subhash | ||
| 245 |
_aDialectics Of Agrarian Development _bA Sociological Study In North India |
||
| 260 |
_bYash Publications _c2006 |
||
| 350 | _a550 | ||
| 650 | _aSociology | ||
| 942 |
_cBOOK _k300 |
||
| 999 |
_c8447 _d8447 |
||